[Event "ITA-ch U20"]
[Site "Tarvisio"]
[Date "2023.07.03"]
[Round "2"]
[White "Mammi, Ottavio"]
[Black "Pazzaglini, Tommaso"]
[Result "1-0"]
[WhiteElo "1892"]
[BlackElo "1467"]
[PlyCount "57"]
[EventDate "2023.07.02"]
[EventType "swiss"]
[EventRounds "9"]
[EventCountry "ITA"]
[SourceTitle "EXT 2024"]
[Source "ChessBase"]
[SourceDate "2023.10.10"]
[SourceVersion "1"]
[SourceVersionDate "2023.10.10"]
[SourceQuality "1"]

1. c4 e5 2. Nc3 Nc6 3. g3 g6 4. Bg2 Bg7 5. e3 Nge7 6. Nge2 d6 7. d4 exd4 8. exd4 0-0 9. 0-0 Nf5 10. d5 Ne5 11. b3 Re8 12. Bb2 a5 13. h3 h5 14. Qd2 Bh6 15. Qc2 h4 16. g4 Ng7 17. f4 Nxg4 18. hxg4 Bxg4 19. Ne4 Nh5 20. Nd4 h3 21. Bf3 Qh4 22. Qc3 Bxf3 23. Qxf3 h2+ 24. Kg2 f5 25. Ng3 Nxf4+ 26. Kh1 Nh3 27. Ne6 Ng5 28. Qc3 Bf8 29. Nxf8 1-0